| 000 | 00856aam a2200265 4500 | ||
|---|---|---|---|
| 005 | 20161117101854.0 | ||
| 008 | 150622b xxu||||| |||| 00| 0 spa d | ||
| 041 | _aEspañol | ||
| 082 | _a150.193.2 A811d | ||
| 100 |
_aAscary Aguillon, Alvaro _925248 |
||
| 100 |
_aHernandez Romero, Ivan _925249 |
||
| 100 |
_aPena Moreno, Jose Armando _925250 |
||
| 100 |
_aMarin Soto, Raul _925251 |
||
| 245 | _aDinámica de grupos en las organizaciones: bajo un enfoque en competencias | ||
| 260 |
_aMéxico _bTrillas _c2011 |
||
| 300 | _a95 páginas | ||
| 650 |
_aDINÁMICA DE GRUPOS _96400 |
||
| 650 |
_aGRUPOS SOCIALES _925252 |
||
| 650 |
_aCOMPONENTES ESTRUCTURALES _925253 |
||
| 650 |
_aEQUIPOS DE TRABAJO _93440 |
||
| 650 |
_aLIDERES DE GRUPOS _925254 |
||
| 650 |
_aINFLUENCIA DE LA PSICOLOGÍA _925255 |
||
| 650 |
_aGRUPOS DE TRABAJO _95681 |
||
| 942 | _cBK | ||
| 999 |
_c3000 _d3000 |
||